000 00242nam a22000977a 4500
008 170125b xxu||||| |||| 00| 0 eng d
041 _aeng
080 _a61
245 _aHANDBOOK OF PHYSICAL MEDICINE AND REHABILITATION
_cKRUSEN
942 _2udc
_cBK
999 _c3682
_d3682